[Event "23. Copenhagen Open  (Politiken Cup)"]
[Site "Copenhagen"]
[Date "2001.07.25"]
[Round "10"]
[White "Tozer, Richard"]
[Black "Preuss, Flemming"]
[Result "1-0"]
[WhiteElo "2315"]
[BlackElo "2062"]
[PlyCount "99"]
[EventDate "2001.07.16"]
[EventType "swiss"]
[EventRounds "11"]
[EventCountry "DEN"]
[SourceDate "2004.01.01"]

1. d4 Nf6 2. c4 e6 3. Nc3 Bb4 4. Qc2 c5 5. dxc5 Bxc5 6. Nf3 Nc6 7. Bg5 O-O 8.
e3 a6 9. Be2 Be7 10. O-O b6 11. Rfd1 d6 12. Rac1 Bb7 13. g3 Rc8 14. e4 Qc7 15.
b4 Rfd8 16. h3 Ne5 17. Nxe5 dxe5 18. Be3 Rxd1+ 19. Rxd1 Nd7 20. f3 Kf8 21. Bf1
Bc6 22. Qf2 a5 23. Qb2 f6 24. Qb3 Kf7 25. Nd5 exd5 26. cxd5 Kf8 27. dxc6 Qxc6
28. bxa5 bxa5 29. Bb5 Nc5 30. Qc4 Qc7 31. Rc1 Bd6 32. Qd5 Ke7 33. Bc4 Qd7 34.
Qf7+ Kd8 35. Qg8+ Kc7 36. Qxh7 Kb8 37. Rb1+ Ka7 38. Rb5 Qc7 39. Qh4 Rb8 40.
Rxb8 Kxb8 41. Qh8+ Ka7 42. Qe8 Kb7 43. Bd5+ Ka6 44. a4 Qd7 45. Qa8+ Kb6 46. Kf1
Qc7 47. Ke2 Be7 48. Kd2 Bd6 49. Kc3 Qd7 50. Bxc5+ 1-0

[Event "23. Copenhagen Open  (Politiken Cup)"]
[Site "Copenhagen"]
[Date "2001.07.25"]
[Round "10"]
[White "Trarup, Jorgen"]
[Black "Schmidt, Horst Hubert"]
[Result "1-0"]
[WhiteElo "1298"]
[BlackElo "1674"]
[PlyCount "119"]
[EventDate "2001.07.16"]
[EventType "swiss"]
[EventRounds "11"]
[EventCountry "DEN"]
[SourceDate "2004.01.01"]

1. e4 d6 2. d4 g6 3. Bc4 Bg7 4. h3 Nf6 5. Nc3 O-O 6. Bg5 Nfd7 7. Nf3 c6 8. O-O
b5 9. Bd3 b4 10. Ne2 c5 11. c3 a5 12. Re1 Bb7 13. a3 Nc6 14. axb4 cxb4 15. Bb5
bxc3 16. bxc3 Re8 17. Rb1 Qc7 18. Nc1 h6 19. Bd2 Nf6 20. d5 a4 21. dxc6 Bxc6
22. Bxc6 Qxc6 23. Nd4 Qc7 24. Ra1 a3 25. Nb5 Qc5 26. Qb3 Reb8 27. c4 d5 28.
exd5 Nxd5 29. Nd3 Qb6 30. Rxa3 Nc7 31. Rxa8 Rxa8 32. Be3 Qb7 33. Rb1 Ne6 34.
Nc5 Nxc5 35. Bxc5 Qe4 36. Be3 Kh7 37. Rd1 f5 38. Qd3 Qh4 39. Bd4 e5 40. Bc3 Ra2
41. Be1 e4 42. Qg3 Qh5 43. Rc1 Qe2 44. Nc3 Bxc3 45. Qxc3 f4 46. Qd4 g5 47. Qd7+
Kg6 48. Qg4 f3 49. gxf3 exf3 50. Rb1 Rb2 51. Ra1 Rb6 52. h4 Qe5 53. h5+ Kf6 54.
Qxf3+ Ke6 55. Bc3 Qf4 56. Qd5+ Ke7 57. Re1+ Kf8 58. Qd8+ Kf7 59. Qd7+ Kf8 60.
Re8# 1-0

[Event "23. Copenhagen Open  (Politiken Cup)"]
[Site "Copenhagen"]
[Date "2001.07.25"]
[Round "10"]
[White "Visweswaran, Kameswaran"]
[Black "Ward, Christopher"]
[Result "0-1"]
[WhiteElo "2299"]
[BlackElo "2493"]
[PlyCount "68"]
[EventDate "2001.07.16"]
[EventType "swiss"]
[EventRounds "11"]
[EventCountry "DEN"]
[SourceDate "2004.01.01"]

1. e4 c5 2. Nf3 d6 3. d4 cxd4 4. Nxd4 Nf6 5. Nc3 g6 6. Be3 Bg7 7. f3 Nc6 8. Qd2
O-O 9. O-O-O Bd7 10. Kb1 Rc8 11. g4 Ne5 12. h4 h5 13. g5 Ne8 14. Nd5 Nc7 15.
Nf4 b5 16. b3 a5 17. Be2 b4 18. Nd3 Nxd3 19. Bxd3 d5 20. Qe2 e5 21. Nb5 dxe4
22. Bc4 exf3 23. Qf2 Nxb5 24. Bxb5 Bxb5 25. Rxd8 Rfxd8 26. Bb6 Re8 27. Bxa5 e4
28. Bb6 Re6 29. Be3 Rec6 30. Rd1 Be2 31. Rc1 Be5 32. Bd4 Bf4 33. Be3 Bxe3 34.
Qxe3 Bd3 0-1

[Event "23. Copenhagen Open  (Politiken Cup)"]
[Site "Copenhagen"]
[Date "2001.07.25"]
[Round "10"]
[White "Westlund, Mikael"]
[Black "Nielsen, Frode Benedikt"]
[Result "1-0"]
[WhiteElo "1996"]
[BlackElo "1834"]
[PlyCount "77"]
[EventDate "2001.07.16"]
[EventType "swiss"]
[EventRounds "11"]
[EventCountry "DEN"]
[SourceDate "2004.01.01"]

1. d4 Nf6 2. Nf3 c5 3. c3 e6 4. Bf4 Nc6 5. e3 b6 6. Bd3 Bb7 7. Nbd2 Be7 8. O-O
d6 9. Qe2 Qc7 10. Rad1 O-O 11. h3 Rad8 12. Bh2 Qc8 13. Ng5 e5 14. d5 Nb8 15. c4
h6 16. Ngf3 Nh7 17. g4 Ng5 18. Nxg5 hxg5 19. f4 exf4 20. exf4 Bf6 21. Nf3 Rde8
22. Qc2 Nd7 23. Bf5 gxf4 24. Bxf4 g6 25. Bxg6 fxg6 26. Qxg6+ Kh8 27. Bxd6 Bd4+
28. Nxd4 cxd4 29. Bxf8 Rxf8 30. Rf7 Rxf7 31. Qxf7 d3 32. Re1 Qc5+ 33. Kf1 Bxd5
34. Re8+ Qf8 35. Rxf8+ Nxf8 36. Qxf8+ Kh7 37. cxd5 d2 38. Ke2 d1=N 39. Kxd1 1-0

[Event "23. Copenhagen Open  (Politiken Cup)"]
[Site "Copenhagen"]
[Date "2001.07.25"]
[Round "10"]
[White "Wilsbeck, Jan Borge"]
[Black "Dalsberg, Sandra de Blecourt"]
[Result "0-1"]
[WhiteElo "1761"]
[BlackElo "2055"]
[PlyCount "76"]
[EventDate "2001.07.16"]
[EventType "swiss"]
[EventRounds "11"]
[EventCountry "DEN"]
[SourceDate "2004.01.01"]

1. e4 e6 2. d4 d5 3. e5 c5 4. c3 Nc6 5. Nf3 Bd7 6. a3 f6 7. b4 fxe5 8. b5 Na5
9. Nxe5 Nf6 10. Bg5 Bd6 11. Nd2 c4 12. a4 Qe7 13. Be2 O-O-O 14. O-O Be8 15. f4
Rg8 16. Bf3 h6 17. Bh4 g5 18. fxg5 hxg5 19. Bg3 g4 20. Nxg4 Bxg3 21. Nxf6 Bxh2+
22. Kxh2 Qxf6 23. Qe1 Bd7 24. Kg1 Qg6 25. Qb1 Qg5 26. Rf2 b6 27. Qe1 Rh8 28.
Re2 Rh6 29. Re5 Qg6 30. g4 Rf8 31. Qe2 Rh3 32. Qg2 Qh6 33. Rh5 Qe3+ 34. Qf2
Rg3+ 35. Kf1 Rgxf3 36. Nxf3 Rxf3 37. Rh8+ Kc7 38. Ra2 Nb3 0-1

[Event "23. Copenhagen Open  (Politiken Cup)"]
[Site "Copenhagen"]
[Date "2001.07.26"]
[Round "11"]
[White "Aaberg, Anton"]
[Black "Laubsch, Bernd"]
[Result "1/2-1/2"]
[WhiteElo "2373"]
[BlackElo "2311"]
[PlyCount "45"]
[EventDate "2001.07.16"]
[EventType "swiss"]
[EventRounds "11"]
[EventCountry "DEN"]
[SourceDate "2004.01.01"]

1. d4 Nf6 2. c4 g6 3. g3 Bg7 4. Bg2 d5 5. cxd5 Nxd5 6. e4 Nb4 7. d5 c6 8. Ne2
cxd5 9. exd5 Qa5 10. O-O Bf5 11. Nbc3 N8a6 12. a3 Nc5 13. Be3 Nbd3 14. Qd2 Ne5
15. Ne4 Qxd2 16. Nxd2 Ned3 17. Nd4 Bd7 18. b3 O-O 19. Rad1 a5 20. Ne4 Nxe4 21.
Rxd3 Nd6 22. Rc1 Rfc8 23. Rdc3 1/2-1/2

[Event "23. Copenhagen Open  (Politiken Cup)"]
[Site "Copenhagen"]
[Date "2001.07.26"]
[Round "11"]
[White "Andersen, Kasper Lolk"]
[Black "Thomsen, Heinrich Kirch"]
[Result "0-1"]
[WhiteElo "1192"]
[BlackElo "1361"]
[PlyCount "38"]
[EventDate "2001.07.16"]
[EventType "swiss"]
[EventRounds "11"]
[EventCountry "DEN"]
[SourceDate "2004.01.01"]

1. e4 e6 2. d4 d5 3. Nc3 Nf6 4. e5 Nfd7 5. Nf3 c5 6. Be3 Nc6 7. Bb5 cxd4 8.
Bxd4 Nxd4 9. Qxd4 Qc7 10. b4 a5 11. a4 Bxb4 12. Kd2 O-O 13. Bxd7 Bxd7 14. Kd3
Rac8 15. Ra2 Qxc3+ 16. Ke2 Rc4 17. Qxc3 Rxc3 18. Rd1 Rfc8 19. Rc1 R8c4 0-1

[Event "23. Copenhagen Open  (Politiken Cup)"]
[Site "Copenhagen"]
[Date "2001.07.26"]
[Round "11"]
[White "Andersen, Rune"]
[Black "Kristensen, Jonas Rune"]
[Result "1-0"]
[WhiteElo "2064"]
[BlackElo "1755"]
[PlyCount "25"]
[EventDate "2001.07.16"]
[EventType "swiss"]
[EventRounds "11"]
[EventCountry "DEN"]
[SourceDate "2004.01.01"]

1. d4 Nf6 2. c4 d6 3. Nc3 Nbd7 4. e4 e5 5. d5 g6 6. Be3 Bg7 7. f3 a5 8. Nge2
Nc5 9. Qd2 O-O 10. g4 h5 11. gxh5 Nxh5 12. Ng3 Qh4 13. Bg5 1-0

[Event "23. Copenhagen Open  (Politiken Cup)"]
[Site "Copenhagen"]
[Date "2001.07.26"]
[Round "11"]
[White "Bekker Jensen, David"]
[Black "Rossen, Claus"]
[Result "1-0"]
[WhiteElo "2284"]
[BlackElo "2210"]
[PlyCount "99"]
[EventDate "2001.07.16"]
[EventType "swiss"]
[EventRounds "11"]
[EventCountry "DEN"]
[SourceDate "2004.01.01"]

1. d4 Nf6 2. c4 e6 3. Nc3 Bb4 4. e3 O-O 5. Nge2 Ne4 6. f3 Nxc3 7. bxc3 Be7 8.
Ng3 c5 9. Bd3 Bh4 10. O-O Bxg3 11. hxg3 d6 12. f4 f5 13. g4 Nc6 14. gxf5 exf5
15. d5 Na5 16. Rf3 b6 17. Rh3 g6 18. Bd2 Qd7 19. a4 Ba6 20. Qe2 Nb3 21. Ra3
Nxd2 22. Qxd2 Rfe8 23. Kf2 Rab8 24. Ra1 Re7 25. Qc2 Qe8 26. Rah1 Bc8 {#} 27. g4
fxg4 28. Bxg6 hxg6 29. Rh8+ Kf7 30. Rxe8 Rxe8 31. e4 Bd7 32. Kg3 Rh8 33. Rxh8
Rxh8 34. Qc1 Rh3+ 35. Kg2 Kf6 36. Qe1 Rh5 37. Qa1 Rh3 38. Qe1 Rh5 39. Qa1 Rh3
40. a5 Re3 41. axb6 axb6 42. Qb1 Ke7 43. Qh1 Rxe4 44. Qh7+ Kd8 45. Qxg6 Re2+
46. Kf1 Re3 47. Qxd6 g3 48. Kg2 Ke8 49. Qg6+ Ke7 50. f5 1-0

[Event "23. Copenhagen Open  (Politiken Cup)"]
[Site "Copenhagen"]
[Date "2001.07.26"]
[Round "11"]
[White "Bekker Jensen, Simon"]
[Black "Hector, Jonny"]
[Result "1/2-1/2"]
[WhiteElo "2356"]
[BlackElo "2552"]
[PlyCount "59"]
[EventDate "2001.07.16"]
[EventType "swiss"]
[EventRounds "11"]
[EventCountry "DEN"]
[SourceDate "2004.01.01"]

1. d4 d5 2. c4 c6 3. Nf3 Nf6 4. Nc3 dxc4 5. a4 Bf5 6. e3 e6 7. Bxc4 Bb4 8. O-O
Nbd7 9. Nh4 Bg6 10. h3 O-O 11. Nxg6 hxg6 12. Qc2 Rc8 13. Rd1 Nb6 14. Be2 c5 15.
dxc5 Nbd7 16. Ne4 Qa5 17. Nxf6+ Nxf6 18. Bd2 Rxc5 19. Bxb4 Qxb4 20. Qd2 Qxd2
21. Rxd2 a5 22. Bf3 b6 23. b4 axb4 24. Rb1 Rc4 25. Be2 Rc7 26. Rxb4 Nd7 27. Rd6
Ra7 28. Bb5 Nf6 29. e4 Rb8 30. Bc6 1/2-1/2

[Event "23. Copenhagen Open  (Politiken Cup)"]
[Site "Copenhagen"]
[Date "2001.07.26"]
[Round "11"]
[White "Bleis, Christian"]
[Black "Rasmussen, Henning Lau"]
[Result "1/2-1/2"]
[WhiteElo "2126"]
[BlackElo "2015"]
[PlyCount "65"]
[EventDate "2001.07.16"]
[EventType "swiss"]
[EventRounds "11"]
[EventCountry "DEN"]
[SourceDate "2004.01.01"]

1. d4 Nf6 2. Bg5 e6 3. e3 c5 4. c3 cxd4 5. exd4 Be7 6. Nd2 b6 7. Ngf3 Bb7 8.
Bb5 O-O 9. O-O d6 10. Re1 Nbd7 11. a4 Nd5 12. Bxe7 Qxe7 13. Qb3 N7f6 14. Bf1
Rab8 15. c4 Nf4 16. Qe3 Ng6 17. h3 Rfc8 18. b3 a5 19. d5 e5 20. Bd3 Qc7 21. Ng5
Rf8 22. g3 Bc8 23. Bxg6 hxg6 24. g4 Bd7 25. Qg3 Nh7 26. Nxh7 Kxh7 27. Ne4 f6
28. Rac1 Kg8 29. Kg2 Kf7 30. Rc3 Rbc8 31. Rf1 Rce8 32. Rb1 Ra8 33. Rf1 1/2-1/2

[Event "23. Copenhagen Open  (Politiken Cup)"]
[Site "Copenhagen"]
[Date "2001.07.26"]
[Round "11"]
[White "Christensen, Stefan"]
[Black "Jacobsen, Bo"]
[Result "1/2-1/2"]
[WhiteElo "2164"]
[BlackElo "2274"]
[PlyCount "103"]
[EventDate "2001.07.16"]
[EventType "swiss"]
[EventRounds "11"]
[EventCountry "DEN"]
[SourceDate "2004.01.01"]

1. e4 g6 2. d4 Bg7 3. Nc3 c6 4. Bc4 b5 5. Bb3 d6 6. Nf3 a6 7. O-O Qc7 8. Bf4 h6
9. e5 d5 10. Qd2 e6 11. a4 Bb7 12. a5 Ne7 13. Ne2 Nd7 14. Ne1 c5 15. c3 Nc6 16.
Bxd5 Nxa5 17. Bxb7 Nxb7 18. d5 Nd8 19. c4 bxc4 20. Nc3 Bxe5 21. Bxe5 Nxe5 22.
Qf4 f5 23. dxe6 Nxe6 24. Qe3 f4 25. Qe4 O-O 26. Qd5 Rfe8 27. Ne4 Qg7 28. Nd6
Rad8 29. Nxe8 Rxd5 30. Nxg7 Kxg7 31. Rxa6 Kf7 32. Nc2 Rd2 33. Na3 Nd4 34. h3
Rxb2 35. Re1 Nef3+ 36. gxf3 Nxf3+ 37. Kf1 Nxe1 38. Nxc4 Rb1 39. Ne5+ Kg7 40.
Rxg6+ Kh7 41. Ke2 f3+ 42. Kd2 Rb2+ 43. Kxe1 Re2+ 44. Kd1 Rxe5 45. Rf6 h5 46.
Rxf3 Kg6 47. Kd2 Rf5 48. Rxf5 Kxf5 49. Kd3 Kf4 50. Kc4 Kf3 51. Kxc5 Kxf2 52.
Kd4 1/2-1/2

[Event "23. Copenhagen Open  (Politiken Cup)"]
[Site "Copenhagen"]
[Date "2001.07.26"]
[Round "11"]
[White "Christensen, Verner"]
[Black "Manley, Christian"]
[Result "1-0"]
[WhiteElo "1797"]
[BlackElo "1360"]
[PlyCount "45"]
[EventDate "2001.07.16"]
[EventType "swiss"]
[EventRounds "11"]
[EventCountry "DEN"]
[SourceDate "2004.01.01"]

1. e4 e5 2. f4 exf4 3. Nf3 g6 4. Bc4 Bg7 5. O-O d6 6. d4 Ne7 7. Bxf4 Bg4 8. c3
O-O 9. Qd2 Bxf3 $11 10. Rxf3 Qd7 11. Bh6 d5 12. exd5 Nxd5 13. Bxg7 Kxg7 14. Qg5
Nb6 15. Bb3 Na6 16. Nd2 f5 17. Rh3 Rh8 18. Qh6+ Kf6 19. Ne4+ Ke7 20. Qg5+ Kf8
21. Qf6+ Ke8 22. Qxh8+ Ke7 23. Rxh7# 1-0

[Event "23. Copenhagen Open  (Politiken Cup)"]
[Site "Copenhagen"]
[Date "2001.07.26"]
[Round "11"]
[White "Dalsberg, Sandra de Blecourt"]
[Black "Olsen, Miriam Frida"]
[Result "1-0"]
[WhiteElo "2055"]
[BlackElo "1604"]
[PlyCount "65"]
[EventDate "2001.07.16"]
[EventType "swiss"]
[EventRounds "11"]
[EventCountry "DEN"]
[SourceDate "2004.01.01"]

1. d4 f5 2. g3 Nf6 3. Bg2 e6 4. Nh3 c6 5. O-O d6 6. c4 Be7 7. Nc3 O-O 8. b4 e5
9. d5 a5 10. b5 c5 11. Ng5 Ne8 12. Ne6 Bxe6 13. dxe6 e4 14. Nd5 Nc7 15. Bf4 Ne8
16. h4 h6 17. h5 Ra7 18. Qd2 Bg5 19. Rad1 b6 20. Bxg5 Qxg5 21. Qxg5 hxg5 22.
Nxb6 Re7 23. g4 Rxe6 24. gxf5 Rxf5 25. Rd5 Rxd5 26. Nxd5 Nf6 27. Bh3 Re8 28.
Nxf6+ gxf6 29. Rd1 Rd8 30. Bf5 Kg7 31. Bxe4 Kf7 32. Rd3 Ke7 33. Ra3 1-0

[Event "23. Copenhagen Open  (Politiken Cup)"]
[Site "Copenhagen"]
[Date "2001.07.26"]
[Round "11"]
[White "Elka, Parviz"]
[Black "Radovic, Slobodan"]
[Result "0-1"]
[WhiteElo "1329"]
[BlackElo "1492"]
[PlyCount "124"]
[EventDate "2001.07.16"]
[EventType "swiss"]
[EventRounds "11"]
[EventCountry "DEN"]
[SourceDate "2004.01.01"]

1. d4 d5 2. Bf4 e6 3. Nf3 c5 4. c3 Nf6 5. Bxb8 Rxb8 6. Qa4+ Bd7 7. Qxa7 Qc7 8.
e3 Bd6 9. Ne5 O-O 10. Nxd7 Nxd7 11. Qa4 cxd4 12. exd4 e5 13. Bd3 exd4 14. Qxd4
Rfe8+ 15. Kd1 Nf6 16. Kc2 Bc5 17. Qh4 Re5 18. Qg3 Bd6 19. Qf3 Rbe8 20. Nd2 Nd7
21. Nb3 R8e6 22. g3 Nc5 23. Nxc5 Bxc5 24. Raf1 d4 25. c4 b5 26. cxb5 Bf8+ 27.
Kb1 Qa5 28. Bc4 Re7 29. h4 Ra7 30. Qb3 Qb6 31. Re1 Ree7 32. Rd1 Rad7 33. Rd2 g6
34. Rhd1 Bg7 35. a4 Re8 36. Bd5 Red8 37. Bc6 Rc7 38. Qc4 Rd6 39. b4 d3 40. a5
Qb8 41. Rxd3 Rxd3 42. Rxd3 Re7 43. Rd2 Qe5 44. Rd8+ Bf8 45. Qc1 Qf5+ 46. Qc2
Re1+ 47. Kb2 Qf6+ 48. Kb3 Qxd8 49. b6 Qd6 50. Qc3 Qe6+ 51. Ka4 Bg7 52. Qf3 Qc4
53. Ba8 Ra1+ 54. Qa3 Rxa3+ 55. Kxa3 Qc3+ 56. Ka4 Qc4 57. b7 Be5 58. Ka3 Bd6 59.
f4 Qxb4+ 60. Ka2 Qxa5+ 61. Kb2 Qa3+ 62. Kc2 Qxg3 0-1

[Event "23. Copenhagen Open  (Politiken Cup)"]
[Site "Copenhagen"]
[Date "2001.07.26"]
[Round "11"]
[White "Grahn, Lars"]
[Black "Stovring, Claus"]
[Result "0-1"]
[WhiteElo "2100"]
[BlackElo "1966"]
[PlyCount "106"]
[EventDate "2001.07.16"]
[EventType "swiss"]
[EventRounds "11"]
[EventCountry "DEN"]
[SourceDate "2004.01.01"]

1. d4 Nf6 2. c4 g6 3. Nc3 Bg7 4. e4 d6 5. Nge2 O-O 6. Ng3 e5 7. d5 c6 8. Be2
cxd5 9. cxd5 Nbd7 10. O-O a6 11. a4 h5 12. Be3 a5 13. f3 h4 14. Nh1 Nh5 15. Qd2
Nc5 16. Ra3 Nf4 17. Bb5 Qg5 18. Bxf4 exf4 19. Nf2 Be5 20. Ne2 Qf6 21. b4 axb4
22. Qxb4 Kg7 23. h3 Rh8 24. Rb1 Rh5 25. Kf1 Rg5 26. Nd3 Nxd3 27. Rxd3 Qe7 28.
Nd4 Bxh3 29. gxh3 Rg3 30. Ne2 Rxh3 31. Ke1 Rh1+ 32. Kd2 Rxb1 33. Qxb1 h3 34.
Qh1 Rh8 35. Rb3 Qc7 36. Bd3 Qa5+ 37. Kd1 Qxa4 38. Bc2 b5 39. Rb1 Qc4 40. Qh2
Rc8 41. Rc1 Bb2 42. Qxf4 Be5 43. Qh4 Rh8 44. Qe1 h2 45. Qh1 b4 46. Bb1 Qb3+ 47.
Kd2 Rh3 48. Bd3 Qa3 49. Rb1 b3 50. Qg2 Qa2+ 51. Ke3 Qxb1 52. Bxb1 h1=Q 53. Qxh1
Rxh1 0-1

[Event "23. Copenhagen Open  (Politiken Cup)"]
[Site "Copenhagen"]
[Date "2001.07.26"]
[Round "11"]
[White "Greisen, Flemming Dahl"]
[Black "Auchenberg, Einar"]
[Result "0-1"]
[WhiteElo "1425"]
[BlackElo "1614"]
[PlyCount "104"]
[EventDate "2001.07.16"]
[EventType "swiss"]
[EventRounds "11"]
[EventCountry "DEN"]
[SourceDate "2004.01.01"]

1. d4 e6 2. Nf3 b6 3. g3 Nf6 4. Bg2 d5 5. O-O c5 6. c3 Ba6 7. Nbd2 cxd4 8. cxd4
Bd6 9. Re1 Ne4 10. a3 f5 11. Nxe4 dxe4 12. Bg5 Qd7 13. Ne5 Bxe5 14. dxe5 O-O
15. Qxd7 Nxd7 16. Be7 Rf7 17. Bd6 Bc4 18. Rac1 Bd5 19. e3 g5 20. Rc3 Nf8 21.
Rec1 Ng6 22. Kf1 h5 23. h3 f4 24. exf4 gxf4 25. Rc7 f3 26. Rxf7 Kxf7 27. Rc7+
Kg8 28. Bh1 h4 29. Rc3 b5 30. Ke1 a5 31. Kd2 hxg3 32. fxg3 b4 33. Rc1 bxa3 34.
bxa3 Kg7 35. Ke3 Ra7 36. h4 Rb7 37. Rc7+ Rxc7 38. Bxc7 a4 39. Bd6 Kh6 40. Bc7
Kh5 41. Bxf3+ exf3 42. Bd6 Kg4 43. Kf2 Nh8 44. Be7 Nf7 45. Bf6 Nh6 46. Bg5 Nf5
47. Bf4 Nxh4 48. Bc1 Ng2 49. Bb2 Kf5 50. Bc3 Ke4 51. g4 Ne3 52. Bd2 Nxg4+ 0-1

[Event "23. Copenhagen Open  (Politiken Cup)"]
[Site "Copenhagen"]
[Date "2001.07.26"]
[Round "11"]
[White "Hagen, Andreas Skytte"]
[Black "Royset, Paal"]
[Result "1/2-1/2"]
[WhiteElo "2113"]
[BlackElo "2257"]
[PlyCount "79"]
[EventDate "2001.07.16"]
[EventType "swiss"]
[EventRounds "11"]
[EventCountry "DEN"]
[SourceDate "2004.01.01"]

1. c4 Nf6 2. g3 c6 3. Bg2 d5 4. Nf3 Bf5 5. cxd5 cxd5 6. Qb3 Qb6 7. Qxb6 axb6 8.
Nc3 Nc6 9. d3 h6 10. Be3 Ra6 11. Nb5 Kd8 12. Nfd4 Bd7 13. f4 e6 14. h3 Bc5 15.
Kf2 Ra4 16. Nc2 Nb4 17. Nba3 Ke7 18. Nxb4 Rxb4 19. Rab1 Ra8 20. Nc2 Rba4 21. a3
Ne8 22. Rhc1 f6 23. Na1 Bxe3+ 24. Kxe3 Kd6 25. Nc2 g5 26. Nb4 Ng7 27. g4 Bc6
28. d4 Bb5 29. Rf1 f5 30. Rf2 Rf8 31. fxg5 hxg5 32. Kd2 Raa8 33. Rbf1 f4 34.
Rh1 Rh8 35. e3 fxe3+ 36. Kxe3 Ke7 37. Kf3 Raf8+ 38. Kg3 Rxf2 39. Kxf2 Ne8 40.
Kg3 1/2-1/2

[Event "23. Copenhagen Open  (Politiken Cup)"]
[Site "Copenhagen"]
[Date "2001.07.26"]
[Round "11"]
[White "Hansen, Gunnar West"]
[Black "Rasmussen, Casper Dahl"]
[Result "1/2-1/2"]
[WhiteElo "2198"]
[BlackElo "2281"]
[PlyCount "82"]
[EventDate "2001.07.16"]
[EventType "swiss"]
[EventRounds "11"]
[EventCountry "DEN"]
[SourceDate "2004.01.01"]

1. e4 c5 2. Nf3 e6 3. d3 Nc6 4. g3 g6 5. Bg2 Bg7 6. O-O Nge7 7. Re1 d6 8. c3 e5
9. Be3 O-O 10. a3 f5 11. Qc1 Na5 12. Qc2 Be6 13. exf5 Nxf5 14. b4 $11 Nxe3 15.
Rxe3 Nb3 16. Ra2 Rc8 17. Re1 a5 18. bxa5 c4 19. Rb2 cxd3 20. Qxd3 Nc5 21. Qd2
Kh8 22. Rb6 Rc6 23. Rb4 Ra6 24. Ng5 Bg8 25. h4 d5 26. Rd1 d4 27. cxd4 exd4 28.
Rb5 Nb3 29. Qd3 Nxa5 30. Rxb7 Bc4 31. Qc2 Nxb7 32. Qxc4 Qf6 33. Ne4 Qe6 34.
Rxd4 Qxc4 35. Rxc4 Nd6 36. Nxd6 Rxd6 37. Nc3 Bxc3 38. Rxc3 Rd2 39. Bf3 Ra2 40.
Kg2 Rf6 41. Bg4 h6 1/2-1/2

[Event "23. Copenhagen Open  (Politiken Cup)"]
[Site "Copenhagen"]
[Date "2001.07.26"]
[Round "11"]
[White "Hansen, Herluf"]
[Black "Hvenekilde, Jorgen"]
[Result "1/2-1/2"]
[WhiteElo "2044"]
[BlackElo "2267"]
[PlyCount "36"]
[EventDate "2001.07.16"]
[EventType "swiss"]
[EventRounds "11"]
[EventCountry "DEN"]
[SourceDate "2004.01.01"]

1. Nf3 d6 2. d4 Nf6 3. b3 g6 4. Bb2 Bg7 5. g3 O-O 6. Bg2 e5 7. dxe5 Ng4 8. O-O
Nc6 9. Nbd2 Re8 10. Rb1 dxe5 11. h3 Nh6 12. e4 f6 13. Qe2 Be6 14. c3 Qd7 15.
Kh2 Rad8 16. Rfd1 Nf7 17. Nf1 Qc8 18. Ne1 Bf8 1/2-1/2

[Event "23. Copenhagen Open  (Politiken Cup)"]
[Site "Copenhagen"]
[Date "2001.07.26"]
[Round "11"]
[White "Helin, Mikael"]
[Black "Lilja, Richard"]
[Result "0-1"]
[WhiteElo "1984"]
[BlackElo "2112"]
[PlyCount "106"]
[EventDate "2001.07.16"]
[EventType "swiss"]
[EventRounds "11"]
[EventCountry "DEN"]
[SourceDate "2004.01.01"]

1. e4 e5 2. Nc3 Bc5 3. f4 d6 4. Nf3 Bg4 5. Bc4 Nf6 6. fxe5 Bxf3 7. Qxf3 dxe5 8.
d3 c6 9. Qg3 Qe7 10. a3 a5 11. Rf1 Nbd7 12. Ba2 Rg8 13. Bd2 a4 14. Ne2 O-O-O
15. Qh3 Kc7 16. g4 h6 17. Qg3 Rdf8 18. h4 h5 19. g5 Ng4 20. d4 Bd6 21. d5 Nc5
22. Qc3 Nxe4 23. Qa5+ Kb8 24. dxc6 Nxd2 25. Qxd2 Bc5 26. Qa5 Ne3 27. Qxa4 Nxf1
28. Rd1 Rd8 29. Rd7 Rxd7 30. cxd7 Ne3 31. g6 Rd8 32. gxf7 Qxd7 33. Qxd7 Rxd7
34. b4 Bf8 35. Bb3 Ng2+ 36. Kf1 Nxh4 37. Ng3 Nf3 38. Kf2 Ng5 39. Ke3 h4 40. Nh1
Nxf7 41. Nf2 Ng5 42. Nd3 Bd6 43. c4 Rf7 44. c5 Rf3+ 45. Ke2 Rxd3 46. Kxd3 h3
47. cxd6 e4+ 48. Kd4 h2 49. Bd5 h1=Q 50. Kc5 Qc1+ 51. Kb6 Qxa3 52. Kc5 Qc3+ 53.
Bc4 Ne6+ 0-1

[Event "23. Copenhagen Open  (Politiken Cup)"]
[Site "Copenhagen"]
[Date "2001.07.26"]
[Round "11"]
[White "Helledie, Anders"]
[Black "Tozer, Richard"]
[Result "1/2-1/2"]
[WhiteElo "2221"]
[BlackElo "2315"]
[PlyCount "35"]
[EventDate "2001.07.16"]
[EventType "swiss"]
[EventRounds "11"]
[EventCountry "DEN"]
[SourceDate "2004.01.01"]

1. e4 c5 2. Nc3 Nc6 3. g3 g6 4. Bg2 Bg7 5. d3 d6 6. f4 e6 7. Nf3 Nge7 8. O-O
O-O 9. Be3 Nd4 10. e5 Nef5 11. Bf2 Bd7 12. Ne4 Bc6 13. Nfd2 dxe5 14. fxe5 Bxe5
15. c3 Nb5 16. Bxc5 Re8 17. a4 Nbd6 18. Bf2 1/2-1/2

[Event "23. Copenhagen Open  (Politiken Cup)"]
[Site "Copenhagen"]
[Date "2001.07.26"]
[Round "11"]
[White "Henrichsen, Jens"]
[Black "Moller, Arne"]
[Result "1-0"]
[WhiteElo "2069"]
[BlackElo "1712"]
[PlyCount "65"]
[EventDate "2001.07.16"]
[EventType "swiss"]
[EventRounds "11"]
[EventCountry "DEN"]
[SourceDate "2004.01.01"]

1. d4 Nf6 2. c4 e6 3. Nf3 b6 4. g3 Bb7 5. Bg2 Bb4+ 6. Bd2 Bxd2+ 7. Qxd2 Ne4 8.
Qc2 f5 9. O-O Nc6 10. a3 Qf6 11. e3 Ne7 12. b4 g5 13. Nfd2 Nxd2 14. Bxb7 Rb8
15. Qxd2 Rxb7 16. Nc3 h5 17. f4 h4 18. Rf2 Qh6 19. fxg5 Qxg5 20. Rg2 h3 21. Rf2
Ng6 22. Kh1 c6 23. e4 Qxd2 24. Rxd2 f4 25. Rf1 e5 26. gxf4 exf4 27. e5 d5 28.
cxd5 cxd5 29. Nxd5 Rg7 30. Rc2 Kd8 31. Rfc1 Rhg8 32. Rc8+ Kd7 33. Rxg8 1-0

[Event "23. Copenhagen Open  (Politiken Cup)"]
[Site "Copenhagen"]
[Date "2001.07.26"]
[Round "11"]
[White "Hovmoller, Kristian"]
[Black "Furu, Thormod"]
[Result "1-0"]
[WhiteElo "2194"]
[BlackElo "1775"]
[PlyCount "65"]
[EventDate "2001.07.16"]
[EventType "swiss"]
[EventRounds "11"]
[EventCountry "DEN"]
[SourceDate "2004.01.01"]

1. d4 d5 2. c4 c6 3. Nf3 Nf6 4. Nc3 dxc4 5. a4 Bf5 6. e3 e6 7. Bxc4 Bb4 8. O-O
O-O 9. Nh4 Nbd7 10. Nxf5 exf5 11. Qb3 Qe7 12. Na2 Bd6 13. Qxb7 Rab8 14. Qa6 c5
15. Be2 Rfe8 16. Nc3 Rb4 17. Qd3 Ne4 18. g3 Ndf6 19. Bf3 h5 20. dxc5 Nxc5 21.
Qxf5 g6 22. Qc2 h4 23. Bd2 hxg3 24. hxg3 Qe5 25. Rab1 Nh5 26. Ne2 Rb3 27. Bc3
Qg5 28. Rbd1 Rxe3 29. fxe3 Nxg3 30. Nxg3 Bxg3 31. Bg4 Qxe3+ 32. Kg2 Bc7 33. Qf2
1-0